000 00808nam a2200229Ia 4500
001 15580
003 GE_BSU
008 181216s||||||||xx |||||||||||||| ||und||
040 _cGE_BSU
080 _a821.353.1-31
100 _aჩეკურიშვილი, ვალერიან
245 _aსიკვდილი სირცხვილზე ადვილი იყო
245 _bრომანი
245 _cრედ.: რუსუდან ლოლაძე. მხატვ. მ თავაძე
260 _aთბილისი
260 _bმერანი
260 _c1990
300 _a254 გვ. ; 20 სმ
653 _aრომანი
653 _aსიკვდილი სირცხვილზე ადვილი იყო
942 _cBK
999 _c48680
_d48680